000 00943cam a22002771 4500
001 17981
003 BD-RjUL
005 20211209000224.0
008 140219r19471944enk b 001 0 eng
035 _a(BD-RjUL)18039
035 _a(OCoLC)2652957
040 _aDLC
_cO
_dOCoLC
_dDLC
_dBD-RjUL
_beng
041 _aeng
082 0 4 _a820.9
_bCHV 1947
100 1 _aChesterton, G. K.
_q(Gilbert Keith),
_d1874-1936.
_953253
245 1 4 _aThe Victorian age in literature /
_cby G. K. Chesterton.
260 _aLondon :
_bWilliams and Norgate,
_cc1944 [Reprinted 1947].
300 _avi, 7-256 p. ;
_c17 cm.
490 0 _aHome university library of modern knowledge.
504 _a"Bibliographical note": p. 253-254.
650 0 _aEnglish literature
_y19th century
_xHistory and criticism.
_93006
650 0 _aEnglish literature
_y20th century
_xHistory and criticism.
_955220
942 _2ddc
_cBK
999 _c17981
_d17981